Yüklüyor......

Essentials of international relations /

Detaylı Bibliyografya
Yazar: Mingst, Karen A.
Diğer Yazarlar: Mckibben, Heather Elko, Arreguin-Toft, Ivan M.
Materyal Türü: Printed Book
Dil:English
Baskı/Yayın Bilgisi: New York : W.W. Norton, 2019
Edisyon:8th ed.
Konular:
LEADER 00745 a2200193 4500
008 200217b ||||| |||| 00| 0 eng d
999 |c 345552  |d 345552 
020 |a 978039367519 
082 |a 327 MIN/E 
100 |a Mingst, Karen A. 
245 |a Essentials of international relations /  |c Karen A. Mingst, Heather Elko Mckibben and Ivan M. Arreguin - Toft 
250 |a 8th ed. 
260 |b W.W. Norton,  |c 2019  |a New York : 
300 |a 442p. ;  |c 23 cm. 
650 |a International relations 
700 |a Mckibben, Heather Elko 
700 |a Arreguin-Toft, Ivan M. 
942 |2 ddc  |c BK 
952 |0 0  |1 0  |2 ddc  |4 0  |6 327_000000000000000_MIN_E  |7 3  |9 397683  |a UL  |b UL  |c ST1  |d 2020-10-14  |e 176  |g 4522.50  |l 1  |o 327 MIN/E  |p 101609  |r 2020-10-14  |s 2020-03-02  |v 6281.25  |w 2020-10-14  |y BK